[Event "Frankfurt Ch 2007"]
[Site "Ffm-Kalbach, LAZ"]
[Date "2007.05.07"]
[Round "2.30"]
[White "Fresser, Stefan"]
[Black "Noble, Alexander"]
[Result "0-1"]
[WhiteElo "1805"]
[BlackElo "2105"]
[PlyCount "98"]
[EventDate "2007.??.??"]

1. c4 e6 2. Nc3 f5 3. e4 fxe4 4. Qh5+ g6 5. Qe5 Nf6 6. Nd5 Kf7 7. Nxf6 Qxf6 8.
Qxe4 Nc6 9. Nf3 Bc5 10. Be2 Nd4 11. Nxd4 Bxd4 12. Qf3 c6 13. O-O d5 14. Qxf6+
Kxf6 15. Rb1 e5 16. b4 Bf5 17. Rb3 Rhe8 18. Bb2 Bxb2 19. Rxb2 g5 20. b5 Rad8
21. bxc6 bxc6 22. Rb7 Re7 23. Rxe7 Kxe7 24. Re1 Rb8 25. g4 Rb1 26. Rxb1 Bxb1
27. cxd5 cxd5 28. a3 Kd6 29. Kf1 Kc5 30. Ba6 Kb6 31. Bc8 Bd3+ 32. Ke1 h6 33. f3
Ka5 34. Bf5 Bb5 35. Bc2 Ba4 36. Bd3 Bb3 37. Kf2 Ka4 38. Ke3 a5 39. Bg6 Kxa3 40.
d4 exd4+ 41. Kxd4 Kb4 42. f4 gxf4 43. h4 a4 44. g5 hxg5 45. hxg5 a3 46. Bb1 a2
47. Bxa2 Bxa2 48. g6 Bb1 49. g7 Bh7 0-1

[Event "Frankfurt Ch 2007"]
[Site "Ffm-Kalbach, LAZ"]
[Date "2007.05.07"]
[Round "2.32"]
[White "Ganjian, Mehrdad"]
[Black "Hoti, Safet"]
[Result "0-1"]
[WhiteElo "1798"]
[BlackElo "1952"]
[PlyCount "117"]
[EventDate "2007.??.??"]

1. c4 e5 2. Nc3 Nc6 3. d3 d6 4. e4 Be7 5. Be2 Nd4 6. Nf3 Nxf3+ 7. Bxf3 Bg5 8.
Bg4 Bxc1 9. Rxc1 Qg5 10. Bxc8 Rxc8 11. O-O Ne7 12. Ne2 O-O 13. c5 d5 14. exd5
Nxd5 15. Qb3 Rfd8 16. Rc2 Rb8 17. a3 c6 18. Qa4 a6 19. Qe4 Nf6 20. Qf3 Rd5 21.
Nc1 Rbd8 22. Re2 Rxc5 23. Qe3 Qxe3 24. fxe3 Rcd5 25. h3 Nh5 26. Kh2 g6 27. Ref2
f5 28. g4 fxg4 29. hxg4 Ng7 30. Kg3 R5d7 31. Rf6 Rd6 32. Rf7 Nf5+ 33. R7xf5
gxf5 34. Rxf5 Re6 35. e4 Kg7 36. Rf3 Rf6 37. Re3 Rf1 38. Nb3 b6 39. d4 exd4 40.
Rd3 c5 41. Nd2 Rd1 42. b3 b5 43. Kf3 c4 44. Ke2 Rg1 45. bxc4 Rxg4 46. cxb5 axb5
47. Kf3 Rh4 48. Kg3 Rh6 49. Nf3 Rf6 50. Nxd4 Kf7 51. e5 Rg8+ 52. Kh2 Rf2+ 53.
Kh1 Rf4 54. Kh2 Rd8 55. Ne2 Rf2+ 56. Kg3 Rxd3+ 57. Kxf2 Rxa3 58. Nd4 b4 59. Nc6
0-1

[Event "Frankfurt Ch 2007"]
[Site "Ffm-Kalbach, LAZ"]
[Date "2007.05.07"]
[Round "2.33"]
[White "Bender, Manfred"]
[Black "Schell, Walter"]
[Result "0-1"]
[WhiteElo "1830"]
[BlackElo "2139"]
[PlyCount "50"]
[EventDate "2007.??.??"]

1. e4 e5 2. Nf3 Nc6 3. Bb5 Nf6 4. d3 d6 5. O-O g6 6. Bg5 h6 7. Be3 Bg7 8. Nbd2
O-O 9. c3 Bd7 10. Ba4 Re8 11. Qc2 a6 12. Rae1 b5 13. Bb3 Na5 14. Qc1 c5 15. Bc2
Rc8 16. h3 Be6 17. b3 Nc6 18. Kh2 Qe7 19. Ng1 d5 20. f4 d4 21. Ndf3 dxe3 22.
Qxe3 exf4 23. Qxf4 Nh5 24. Qd2 Qc7+ 25. e5 Nxe5 0-1

[Event "Frankfurt Ch 2007"]
[Site "Ffm-Kalbach, LAZ"]
[Date "2007.05.07"]
[Round "2.34"]
[White "Minor, Samuel"]
[Black "Budde, Michael"]
[Result "1-0"]
[WhiteElo "2137"]
[BlackElo "1598"]
[PlyCount "95"]
[EventDate "2007.??.??"]

1. e4 c5 2. Nf3 Nc6 3. d4 cxd4 4. Nxd4 e5 5. Nb5 d6 6. N1c3 a6 7. Na3 Nf6 8.
Bg5 Be7 9. Bxf6 Bxf6 10. Nc4 Nd4 11. Nd5 b5 12. Ncb6 Rb8 13. Nxc8 Rxc8 14. c3
Nc6 15. a4 Rb8 16. axb5 axb5 17. Nxf6+ Qxf6 18. Ra6 Qg6 19. f3 Kd7 20. Qd5 Rhc8
21. Bxb5 Rxb5 22. Qxb5 Qxg2 23. Rf1 Qxh2 24. Kd1 h5 25. Kc1 Qf4+ 26. Kb1 h4 27.
Rd1 Qxf3 28. Qd5 Qf6 29. b4 Qe6 30. Qxe6+ Kxe6 31. b5 Rb8 32. Rxc6 Rxb5+ 33.
Kc2 h3 34. Rcxd6+ Ke7 35. R6d5 Rxd5 36. exd5 g5 37. Kd3 f5 38. c4 g4 39. Ke3
f4+ 40. Ke4 h2 41. d6+ Kd7 42. c5 g3 43. Kf3 e4+ 44. Kg2 e3 45. c6+ Kxc6 46. d7
e2 47. d8=Q exd1=Q 48. Qxd1 1-0

[Event "Frankfurt Ch 2007"]
[Site "Ffm-Kalbach, LAZ"]
[Date "2007.05.07"]
[Round "2.35"]
[White "Rondio, Thomas"]
[Black "Rubel, Julian"]
[Result "0-1"]
[WhiteElo "1689"]
[BlackElo "2125"]
[PlyCount "38"]
[EventDate "2007.??.??"]

1. e4 c5 2. Nf3 a6 3. d4 cxd4 4. Nxd4 Nf6 5. Nc3 e5 6. Nf3 Bb4 7. Bd2 O-O 8.
Bd3 d6 9. Nd5 Bxd2+ 10. Nxd2 Nxd5 11. exd5 f5 12. c4 Nd7 13. Qc2 Nc5 14. Be2 a5
15. O-O-O Bd7 16. Nb1 Ne4 17. Bd3 Qg5+ 18. Nd2 Nxf2 19. h4 Qh6 0-1

[Event "Frankfurt Ch 2007"]
[Site "Ffm-Kalbach, LAZ"]
[Date "2007.05.07"]
[Round "2.36"]
[White "Bachmann, Björn"]
[Black "Kästle, Rainer"]
[Result "0-1"]
[WhiteElo "1463"]
[BlackElo "1980"]
[PlyCount "104"]
[EventDate "2007.??.??"]

1. e4 e6 2. d4 d5 3. Nc3 Nf6 4. Bg5 dxe4 5. Nxe4 Nbd7 6. Nf3 Be7 7. Nxf6+ Nxf6
8. Qd2 Ne4 9. Bxe7 Nxd2 10. Bxd8 Nxf3+ 11. gxf3 Kxd8 12. f4 Ke7 13. O-O-O Rd8
14. Bg2 Kf6 15. Be4 a5 16. h4 h5 17. Rh3 Ra6 18. Rc3 Rad6 19. Rxc7 Rxd4 20.
Rxd4 Rxd4 21. f3 Rd8 22. Rc5 b6 23. Rxh5 Ba6 24. Rg5 Rh8 25. Rg4 Bf1 26. Kd2
Bh3 27. Rg5 Rxh4 28. Ke3 Bf1 29. Bd3 Bxd3 30. cxd3 Rh8 31. Rb5 Rb8 32. a4 Ke7
33. f5 exf5 34. Rxf5 Rd8 35. Rg5 Kf6 36. Rg4 Rd6 37. f4 g6 38. Rg5 Ke6 39. Ke4
f5+ 40. Ke3 Kd5 41. Rg2 Re6+ 42. Kd2 Kc5 43. Kc3 Kd5 44. b3 Rc6+ 45. Kd2 Kd4
46. Rg3 Kc5 47. Kc3 Kd5+ 48. Kd2 Kd4 49. Ke2 Kc3 50. Re3 Kxb3 51. d4+ Kc4 52.
Rd3 Kd5 0-1

[Event "Frankfurt Ch 2007"]
[Site "Ffm-Kalbach, LAZ"]
[Date "2007.05.07"]
[Round "2.37"]
[White "Graebner, Walter"]
[Black "Stricker, Konstantin"]
[Result "1-0"]
[WhiteElo "2049"]
[BlackElo "1688"]
[PlyCount "81"]
[EventDate "2007.??.??"]

1. d4 Nf6 2. Nf3 d5 3. c4 e6 4. Nc3 Be7 5. Bg5 O-O 6. e3 b6 7. cxd5 Nxd5 8.
Bxe7 Nxe7 9. Qc2 Bb7 10. Be2 h6 11. O-O Nd7 12. Rfd1 c6 13. Rac1 Rc8 14. b4 b5
15. Ne4 Nd5 16. Nd6 Rc7 17. a3 Ba8 18. e4 N7b6 19. e5 Nc8 20. Nxc8 Qxc8 21. Nd2
a6 22. Ne4 Qd8 23. Bf3 Nb6 24. Nd6 f5 25. Rd3 Qd7 26. Qd2 Nc8 27. Nxc8 Rfxc8
28. h4 Rd8 29. h5 Qe7 30. Qc3 Qg5 31. Qc5 Bb7 32. Rc2 Bc8 33. d5 exd5 34. Rxd5
Rxd5 35. Bxd5+ Kh7 36. Qf8 Qxh5 37. Bg8+ Kg6 38. Rxc6+ Kg5 39. Qd8+ Kf4 40.
Qd4+ Kg5 41. Rxc7 1-0

[Event "Frankfurt Ch 2007"]
[Site "Ffm-Kalbach, LAZ"]
[Date "2007.05.07"]
[Round "2.39"]
[White "Meiser, Nicolas"]
[Black "Cors, Heinz-Friedrich"]
[Result "0-1"]
[WhiteElo "1214"]
[BlackElo "2008"]
[PlyCount "70"]
[EventDate "2007.??.??"]

1. d4 Nf6 2. e3 e6 3. Nf3 b6 4. Nbd2 Bb7 5. Bd3 d5 6. O-O Be7 7. Re1 c5 8. c3
Nc6 9. a4 O-O 10. Qe2 Rc8 11. dxc5 bxc5 12. e4 Qc7 13. exd5 exd5 14. Ne5 Nxe5
15. Qxe5 Bd6 16. Qf5 Bxh2+ 17. Kh1 Rfe8 18. Rxe8+ Rxe8 19. Nf3 Bd6 20. Bg5 Bc8
21. Bxf6 Bxf5 22. Bxf5 gxf6 23. Rd1 Qe7 24. Kg1 Qe2 25. Rb1 d4 26. Bd7 Re7 27.
Bb5 Qc2 28. Rf1 d3 29. Ne1 Rxe1 30. Rxe1 d2 31. Rf1 d1=Q 32. g3 Qf3 33. Be2
Qcxe2 34. b4 Qee4 35. bxc5 Qg2# 0-1

[Event "Frankfurt Ch 2007"]
[Site "Ffm-Kalbach, LAZ"]
[Date "2007.05.07"]
[Round "2.40"]
[White "Ebertz, Michael"]
[Black "Ostermeier, Thorsten"]
[Result "1/2-1/2"]
[WhiteElo "1645"]
[BlackElo "1923"]
[PlyCount "53"]
[EventDate "2007.??.??"]

1. e4 c5 2. Nf3 a6 3. c3 d5 4. exd5 Qxd5 5. d4 e6 6. Be2 Nf6 7. O-O Bd6 8. c4
Qc6 9. Nc3 O-O 10. h3 Nbd7 11. Be3 b6 12. Nd2 Bb7 13. Bf3 Qc7 14. Bxb7 Qxb7 15.
Qf3 Qc7 16. Nde4 cxd4 17. Bxd4 Nxe4 18. Nxe4 Bf4 19. b3 f5 20. Nc3 Bd2 21. Rad1
Bxc3 22. Bxc3 Rad8 23. Bb4 Nc5 24. Bxc5 bxc5 25. Rfe1 Rxd1 26. Rxd1 g6 27. Qd3
1/2-1/2

[Event "Frankfurt Ch 2007"]
[Site "Ffm-Kalbach, LAZ"]
[Date "2007.05.07"]
[Round "2.42"]
[White "Benikhis, Avram"]
[Black "Knott, Tilo"]
[Result "1-0"]
[WhiteElo "1797"]
[BlackElo "1480"]
[PlyCount "99"]
[EventDate "2007.??.??"]

1. e4 d5 2. exd5 Qxd5 3. Nc3 Qa5 4. d4 c6 5. Nf3 Bg4 6. h3 Bh5 7. Be2 Nf6 8.
O-O e6 9. Ne5 Bg6 10. Bd2 Qc7 11. Nc4 Nbd7 12. Qc1 Be7 13. Bf4 Qd8 14. Nd6+
Bxd6 15. Bxd6 Nb6 16. Bc5 Qc7 17. a4 Nbd7 18. Ba3 O-O-O 19. a5 a6 20. Rd1 Nd5
21. Nxd5 exd5 22. Bd3 Rde8 23. Bb4 Re6 24. Bd2 Rhe8 25. Bf4 Qd8 26. c4 Nf6 27.
Bxg6 fxg6 28. Be5 R8e7 29. c5 Rf7 30. b4 Nh5 31. g3 Nf6 32. Rf1 Ne4 33. Kg2 Qf8
34. f3 Nf6 35. Ra2 Nd7 36. Bd6 Qe8 37. Raf2 Re3 38. Qc2 Rf6 39. Bf4 Ree6 40.
Qd2 h6 41. Bd6 g5 42. Ra1 Re3 43. b5 Rfxf3 44. bxc6 Rxg3+ 45. Bxg3 Qe4+ 46. Kh2
bxc6 47. Raf1 h5 48. Qb2 h4 49. Rf8+ Nxf8 50. Qb8+ 1-0

[Event "Frankfurt Ch 2007"]
[Site "Ffm-Kalbach, LAZ"]
[Date "2007.05.07"]
[Round "2.43"]
[White "Krohne, Robert"]
[Black "Kletzerman, Simon"]
[Result "1-0"]
[WhiteElo "1785"]
[BlackElo "1534"]
[PlyCount "111"]
[EventDate "2007.??.??"]

1. e4 c5 2. Nf3 Nc6 3. d4 cxd4 4. Nxd4 e5 5. Nb5 d6 6. N1c3 a6 7. Na3 Be6 8.
Be3 b5 9. Nd5 Rb8 10. Be2 Nce7 11. Nb4 Bc8 12. O-O Nf6 13. f3 h6 14. Qd2 Bb7
15. c4 a5 16. Nd5 Nexd5 17. cxd5 b4 18. Nc4 Be7 19. Bb6 Qd7 20. Bxa5 O-O 21.
Bxb4 Nh5 22. g3 Nxg3 23. hxg3 Qh3 24. Bd3 Qxg3+ 25. Qg2 Qxg2+ 26. Kxg2 Ba6 27.
Ba3 f5 28. Rad1 Bxc4 29. Bxc4 f4 30. Rh1 Rf6 31. Rh5 Rg6+ 32. Kf2 Bd8 33. Bb3
Bb6+ 34. Ke2 Rg2+ 35. Kd3 Rd8 36. Rhh1 Kh7 37. Rc1 Ba7 38. Rc6 Bb8 39. Rhc1 Rf2
40. Bd1 h5 41. Be2 g5 42. b4 h4 43. b5 Rd7 44. b6 h3 45. Rh1 h2 46. Kd2 g4 47.
fxg4 f3 48. Ke3 Rxe2+ 49. Kxf3 Rxa2 50. Bc1 Rf7+ 51. Kg3 Rff2 52. Be3 Rf3+ 53.
Kxf3 Kg6 54. Rc8 Ba7 55. bxa7 Rxa7 56. Rxh2 1-0

[Event "Frankfurt Ch 2007"]
[Site "Ffm-Kalbach, LAZ"]
[Date "2007.05.07"]
[Round "2.44"]
[White "Rotermund, Verena"]
[Black "Vogelgesang, Marc"]
[Result "1-0"]
[WhiteElo "1784"]
[BlackElo "1520"]
[PlyCount "63"]
[EventDate "2007.??.??"]

1. e4 c5 2. Nc3 d6 3. f4 Nf6 4. Bc4 a6 5. a4 e6 6. d3 Be7 7. Nf3 O-O 8. O-O d5
9. Bb3 dxe4 10. dxe4 Qb6 11. Kh1 Rd8 12. Qe1 Bd7 13. f5 exf5 14. e5 Re8 15.
exf6 Bxf6 16. Qg3 Be6 17. Bxe6 Rxe6 18. Bf4 Qxb2 19. Nd5 Nc6 20. Nc7 Rae8 21.
Nxe8 Rxe8 22. Rfe1 Rd8 23. Bc7 Rc8 24. Qd6 Be7 25. Qd7 Rf8 26. Qxf5 Qb4 27. Re4
Qc3 28. Rae1 Bf6 29. Re8 Ne7 30. Rxf8+ Kxf8 31. Bd6 Qa5 32. Qc8+ 1-0

[Event "Frankfurt Ch 2007"]
[Site "Ffm-Kalbach, LAZ"]
[Date "2007.05.07"]
[Round "2.45"]
[White "Schellen, Sven"]
[Black "Geringer, Waldemar"]
[Result "0-1"]
[WhiteElo "1534"]
[BlackElo "1862"]
[PlyCount "132"]
[EventDate "2007.??.??"]

1. b4 Nf6 2. Bb2 e5 3. Bxe5 Bxb4 4. Nf3 Nc6 5. Bb2 d6 6. e3 O-O 7. Be2 Qe7 8.
O-O Re8 9. c4 a5 10. d4 a4 11. a3 Ba5 12. Qxa4 Bf5 13. Qb3 Ng4 14. d5 Na7 15.
Nd4 Qh4 16. Bxg4 Bxg4 17. Qd3 Bb6 18. Nd2 Nc8 19. N2f3 Qh6 20. e4 Ne7 21. Rae1
Ng6 22. Bc1 Qh5 23. Qb3 Ne5 24. Nxe5 Rxe5 25. Nf3 Bxf3 26. Qxf3 Qxf3 27. gxf3
Ra4 28. f4 Rh5 29. e5 dxe5 30. fxe5 Rxc4 31. e6 fxe6 32. dxe6 Kf8 33. Kg2 Ke7
34. Re2 Rg4+ 35. Kf3 Rg6 36. Bb2 c6 37. Rb1 Rh3+ 38. Kf4 Bc7+ 39. Be5 Rh4+ 40.
Kf3 Bxe5 41. Rxe5 b5 42. Rc1 Rh3+ 43. Ke4 Rg4+ 44. f4 Rxh2 45. Kf5 Rgg2 46.
Rxc6 Rh5+ 47. Ke4 Re2+ 48. Kd4 Rhxe5 49. fxe5 h5 50. Rc7+ Kxe6 51. Rxg7 Rxe5
52. Rh7 Rg5 53. Rh6+ Kf5 54. Rb6 Kg4 55. Ke4 h4 56. Rd6 h3 57. Rd1 h2 58. Ke3
Kg3 59. Ke4 Kg2 60. Kf4 Rh5 61. Rd2+ Kf1 62. Rd1+ Kf2 63. Rh1 Kg2 64. Rd1 h1=Q
65. Rd2+ Kh3 66. Rd3+ Kh4 0-1

[Event "Frankfurt Ch 2007"]
[Site "Ffm-Kalbach, LAZ"]
[Date "2007.05.07"]
[Round "2.46"]
[White "Kannenberg, Carl-Fr"]
[Black "Frank, Dieter"]
[Result "1/2-1/2"]
[WhiteElo "1972"]
[BlackElo "1505"]
[PlyCount "90"]
[EventDate "2007.??.??"]

1. e4 d5 2. exd5 Qxd5 3. Nc3 Qa5 4. d4 c6 5. Nf3 Bg4 6. Be2 Nf6 7. O-O e6 8.
Ne5 Bxe2 9. Qxe2 Bd6 10. Nc4 Qc7 11. Nxd6+ Qxd6 12. Rd1 Nbd7 13. Ne4 Nxe4 14.
Qxe4 Nf6 15. Qe5 Rd8 16. Qxd6 Rxd6 17. Bf4 Rd7 18. Be5 Ke7 19. Kf1 Rhd8 20. f3
Nd5 21. Ke2 f6 22. Bg3 Nb6 23. c3 h5 24. Bf2 Na4 25. Rab1 g5 26. Rd3 Nb6 27. b3
c5 28. Rbd1 c4 29. R3d2 Nd5 30. Rc2 b5 31. g3 a5 32. Rb1 a4 33. bxc4 bxc4 34.
Kd2 a3 35. Rcc1 Ra8 36. Rb5 g4 37. f4 f5 38. Be1 Raa7 39. Rcb1 Rdc7 40. Ke2 Kd7
41. Bd2 Kc6 42. Kd1 Rcb7 43. Rxb7 Rxb7 44. Rxb7 Kxb7 45. Kc2 Nc7 1/2-1/2

[Event "Frankfurt Ch 2007"]
[Site "Ffm-Kalbach, LAZ"]
[Date "2007.05.07"]
[Round "2.47"]
[White "El-Lawindy, Asem"]
[Black "Orlinski, Wolfgang"]
[Result "0-1"]
[WhiteElo "1526"]
[BlackElo "1767"]
[PlyCount "116"]
[EventDate "2007.??.??"]

1. Nf3 Nf6 2. Nc3 d5 3. d4 e6 4. a3 Be7 5. Bg5 Nbd7 6. e3 O-O 7. Bd3 b6 8. O-O
c5 9. Re1 Bb7 10. Nd2 e5 11. e4 cxd4 12. Bxf6 Nxf6 13. Nxd5 Nxd5 14. exd5 Bf6
15. Qh5 g6 16. Qf3 Bg7 17. Bc4 Kh8 18. c3 dxc3 19. Qxc3 Bxd5 20. Qb3 Bb7 21.
Ne4 Qe7 22. Rad1 Rad8 23. Bd5 Bxd5 24. Rxd5 Rxd5 25. Qxd5 Rd8 26. Qc4 f5 27.
Nc3 e4 28. g3 Rd4 29. Qc8+ Qd8 30. Qb7 Rd7 31. Qa6 Bxc3 32. bxc3 Qc7 33. Qb5
Rd8 34. Re3 Kg7 35. Qb2 Qe5 36. Kg2 Rd3 37. f4 exf3+ 38. Rxf3 Qe4 39. c4+ Kg8
40. Qf2 Qxf3+ 41. Qxf3 Rxf3 42. Kxf3 Kf7 43. Ke3 Ke6 44. Ke2 g5 45. Kf3 Kd6 46.
Ke3 Kc5 47. Kd3 f4 48. gxf4 gxf4 49. h4 f3 50. Ke3 Kxc4 51. Kxf3 Kb3 52. Kg4
Kxa3 53. Kg5 b5 54. Kh6 b4 55. Kxh7 b3 56. h5 b2 57. h6 b1=Q+ 58. Kg7 Kb4 0-1

[Event "Frankfurt Ch 2007"]
[Site "Ffm-Kalbach, LAZ"]
[Date "2007.05.07"]
[Round "2.48"]
[White "Schirmer, Karl-Heinz"]
[Black "Wenzel, Bernd"]
[Result "0-1"]
[WhiteElo "1759"]
[BlackElo "1481"]
[PlyCount "106"]
[EventDate "2007.??.??"]

1. d4 e6 2. c4 f5 3. Nc3 Nf6 4. g3 Be7 5. Bg2 c6 6. Nf3 d6 7. O-O O-O 8. Re1
Ne4 9. Qc2 Nxc3 10. bxc3 Bf6 11. Ba3 Nd7 12. Bxd6 Be7 13. Bxe7 Qxe7 14. e4 Qf6
15. e5 Qf7 16. Ng5 Qg6 17. Nh3 Nb6 18. Nf4 Qf7 19. Qb3 g5 20. Nh3 h6 21. f4 Qg6
22. a4 g4 23. Nf2 Kg7 24. Nd3 Nd7 25. d5 Rb8 26. d6 c5 27. Qa3 b6 28. a5 Bb7
29. axb6 axb6 30. Bxb7 Rxb7 31. Re2 Rfb8 32. Rea2 Qf7 33. Qc1 h5 34. Qc2 h4 35.
Qg2 hxg3 36. hxg3 b5 37. Rb2 b4 38. cxb4 cxb4 39. c5 Rb5 40. c6 Nc5 41. Nxc5
Rxc5 42. c7 Rc8 43. Rxb4 Qd7 44. Rb8 R5xc7 45. Rxc8 Rxc8 46. Qf2 Kg6 47. Qb6
Rc6 48. Qa7 Rc1+ 49. Kf2 Rc2+ 50. Ke1 Qb5 51. Qe3 Qd5 52. Kf1 Qh1+ 53. Qg1 Qf3+
0-1

[Event "Frankfurt Ch 2007"]
[Site "Ffm-Kalbach, LAZ"]
[Date "2007.05.07"]
[Round "2.49"]
[White "Popp, Matthias"]
[Black "Makilla, Tobias"]
[Result "0-1"]
[WhiteElo "1507"]
[BlackElo "1923"]
[PlyCount "112"]
[EventDate "2007.??.??"]

1. d4 d5 2. Nf3 Nc6 3. Bf4 Bg4 4. Nbd2 e6 5. c3 Bd6 6. Ne5 Bxe5 7. dxe5 Nge7 8.
Qb3 Rb8 9. h3 Bf5 10. g4 Bg6 11. O-O-O Na5 12. Qa4+ c6 13. h4 b5 14. Qd4 h5 15.
Bg5 Qb6 16. Qxb6 Rxb6 17. f3 c5 18. e4 c4 19. exd5 Nxd5 20. Ne4 O-O 21. Rg1 Kh7
22. Be2 Nc6 23. gxh5 Bxh5 24. Ng3 Bg6 25. h5 Bd3 26. h6 g6 27. Bxd3 cxd3 28.
Rde1 Rb7 29. Rh1 Rd7 30. Kd2 Nb6 31. b3 Nd5 32. Nf1 Nce7 33. Nh2 Nf5 34. Ng4
Rc8 35. Rc1 Rdc7 36. Nf6+ Nxf6 37. exf6 Rd7 38. Rhe1 Rc5 39. f4 Ng3 40. Re5
Rdd5 41. Rce1 Ne2 42. Rxd5 Rxd5 43. Rf1 Ng3 44. Re1 a5 45. Rg1 Ne4+ 46. Ke3
Nxc3 47. Kd2 Ne4+ 48. Kd1 d2 49. Kc2 Nf2 50. Rd1 Nxd1 51. Kxd1 a4 52. bxa4 bxa4
53. f5 gxf5 54. Bxd2 Rxd2+ 55. Kxd2 f4 56. Ke2 Kxh6 0-1

[Event "Frankfurt Ch 2007"]
[Site "Ffm-Kalbach, LAZ"]
[Date "2007.05.07"]
[Round "2.50"]
[White "Katrych, Viktor"]
[Black "Lewien, Frank"]
[Result "1-0"]
[WhiteElo "1747"]
[BlackElo "1435"]
[PlyCount "87"]
[EventDate "2007.??.??"]

1. d4 Nf6 2. c4 e5 3. dxe5 Ng4 4. Nf3 Nc6 5. Bf4 Bb4+ 6. Nc3 Qe7 7. Qd5 f6 8.
exf6 Nxf6 9. Qd3 d6 10. e3 O-O 11. Be2 a5 12. O-O Bxc3 13. bxc3 Ne4 14. Nd4 Nc5
15. Qc2 a4 16. Bf3 Ne5 17. Bxe5 Qxe5 18. Rfe1 Qg5 19. Bd5+ Kh8 20. f4 Qe7 21.
Bf3 c6 22. Rab1 Qf7 23. Rb4 Ra5 24. g3 Na6 25. Rxa4 Rxa4 26. Qxa4 Nc5 27. Qc2
Qxc4 28. Rd1 Bh3 29. Nb3 d5 30. Nxc5 Qxc5 31. Rd4 Bf5 32. Qd2 Qa5 33. g4 Bb1
34. a4 Re8 35. Kf2 Qd8 36. Kg3 Qe7 37. Qc1 Ba2 38. e4 c5 39. Rd2 dxe4 40. Rxa2
exf3 41. Rf2 Qe4 42. Qd1 Ra8 43. a5 Qa4 44. Qxa4 1-0

[Event "Frankfurt Ch 2007"]
[Site "Ffm-Kalbach, LAZ"]
[Date "2007.05.07"]
[Round "2.51"]
[White "Sallwey, Rainer"]
[Black "Genis, Roy"]
[Result "0-1"]
[WhiteElo "1498"]
[BlackElo "1895"]
[PlyCount "72"]
[EventDate "2007.??.??"]

1. d4 Nf6 2. Nf3 d5 3. e3 e6 4. Bd3 c5 5. c3 Nc6 6. Nbd2 Bd6 7. O-O O-O 8. dxc5
Bxc5 9. e4 e5 10. exd5 Nxd5 11. Ne4 Be7 12. Bc4 Nb6 13. Qxd8 Rxd8 14. Bb3 Bg4
15. Nfg5 Bh5 16. f4 h6 17. Nf3 Bg6 18. Nfd2 exf4 19. Rxf4 Na5 20. Bc2 Nd5 21.
Rf3 Rac8 22. h3 Nc4 23. Bb3 Nxd2 24. Nxd2 Bc5+ 25. Kh1 Ne3 26. Rg3 Kh8 27. Rf3
Rc7 28. a3 Rcd7 29. Ba4 Rxd2 30. Bxd2 Rxd2 31. b4 Bb6 32. Re1 Nxg2 33. Re8+ Kh7
34. Bb3 Nh4 35. Rfe3 Bxe3 36. Rxe3 Bh5 0-1

[Event "Frankfurt Ch 2007"]
[Site "Ffm-Kalbach, LAZ"]
[Date "2007.05.07"]
[Round "2.52"]
[White "Ludwig, Helmut"]
[Black "Tews, Artur"]
[Result "0-1"]
[WhiteElo "1480"]
[BlackElo "1742"]
[PlyCount "62"]
[EventDate "2007.??.??"]

1. d4 c5 2. dxc5 e5 3. g3 Bxc5 4. Bg2 Nf6 5. Nc3 O-O 6. e3 Nc6 7. Nge2 d6 8.
O-O Bg4 9. Bd2 Qd7 10. Qe1 Rad8 11. Nd5 Nxd5 12. Bxd5 Ne7 13. Bg2 Qb5 14. f3
Bf5 15. b4 Bb6 16. Nc3 Qc4 17. Qc1 Rc8 18. Kh1 Bxe3 19. Bxe3 Qxc3 20. Bxa7 Nc6
21. Bf2 Qxb4 22. Rb1 Qa4 23. Qb2 Bxc2 24. Rbc1 Nb4 25. f4 Nd3 26. Qxb7 Nxc1 27.
Rxc1 exf4 28. Bd5 Be4+ 29. Bxe4 Rxc1+ 30. Kg2 Qd1 31. Kh3 Qf1+ 0-1

[Event "Frankfurt Ch 2007"]
[Site "Ffm-Kalbach, LAZ"]
[Date "2007.05.07"]
[Round "2.53"]
[White "Nagel, Norbert"]
[Black "Bauer, Alfred"]
[Result "1-0"]
[WhiteElo "1730"]
[BlackElo "1410"]
[PlyCount "99"]
[EventDate "2007.??.??"]

1. e4 e6 2. d4 d5 3. Nd2 Nf6 4. e5 Nfd7 5. Bd3 c5 6. c3 Nc6 7. Ndf3 Qb6 8. Ne2
f6 9. exf6 Nxf6 10. O-O Bd6 11. b3 cxd4 12. cxd4 Bd7 13. Bf4 Bxf4 14. Nxf4 O-O
15. Rc1 Rac8 16. Bb1 Ne4 17. Ne2 Nd6 18. Ng3 Nb5 19. Ne2 Qd8 20. Qd3 g6 21. Qe3
Qf6 22. Bd3 Na3 23. Qg5 Rce8 24. Qxf6 Rxf6 25. Ne5 Nxe5 26. dxe5 Rff8 27. Rc5
Rc8 28. Rfc1 Rxc5 29. Rxc5 Rc8 30. Rxc8+ Bxc8 31. f4 Bd7 32. Nd4 a6 33. Kf2 Kf7
34. Ke3 Ke7 35. Kd2 Kd8 36. Kc3 Nb5+ 37. Bxb5 Bxb5 38. Nxe6+ Ke7 39. Nc7 Bc6
40. Kd4 Kd8 41. Nxd5 Kd7 42. g3 Ke6 43. Nb4 Bg2 44. Kc5 h6 45. Nc2 g5 46. Nd4+
Ke7 47. f5 g4 48. f6+ Kf7 49. Nf5 Kg6 50. Nh4+ 1-0

[Event "Frankfurt Ch 2007"]
[Site "Ffm-Kalbach, LAZ"]
[Date "2007.05.07"]
[Round "2.54"]
[White "Lehmann, Gerit"]
[Black "Winand, Edgar"]
[Result "0-1"]
[WhiteElo "1443"]
[BlackElo "1723"]
[PlyCount "78"]
[EventDate "2007.??.??"]

1. c4 g6 2. Nf3 Bg7 3. Nc3 d6 4. d3 e5 5. e3 f5 6. Be2 Nf6 7. O-O O-O 8. Nd2
Nc6 9. f3 Be6 10. a3 a5 11. e4 Nh5 12. Nd5 Nd4 13. Nb1 f4 14. Bd2 c6 15. Ndc3
a4 16. Be1 Qg5 17. Rf2 b5 18. Nd2 Rfb8 19. Bf1 Ng3 20. Ne2 Ngxe2+ 21. Bxe2 bxc4
22. Nxc4 d5 23. Nd2 Qe7 24. Rb1 Bf6 25. Nf1 dxe4 26. dxe4 Ba2 27. Rc1 Rxb2 28.
Bc4+ Bxc4 29. Rxb2 Qxa3 30. Rb4 Ne2+ 31. Kh1 Qxc1 32. Qxc1 Nxc1 33. Rxc4 Nd3
34. Rxc6 Nxe1 35. Rxf6 a3 36. Nd2 a2 37. Nb3 a1=Q 38. Nxa1 Rxa1 39. Kg1 Nd3#
0-1

[Event "Frankfurt Ch 2007"]
[Site "Ffm-Kalbach, LAZ"]
[Date "2007.05.07"]
[Round "2.55"]
[White "Gehlhar, Michael"]
[Black "Krüger, Jens"]
[Result "1/2-1/2"]
[WhiteElo "1712"]
[BlackElo "1390"]
[PlyCount "29"]
[EventDate "2007.??.??"]

1. f4 Nf6 2. Nf3 d6 3. e3 g6 4. b3 Bg7 5. Bb2 a6 6. Be2 c5 7. O-O O-O 8. c4 Nc6
9. a3 Rb8 10. Nc3 Ne4 11. Rc1 Bf5 12. Nh4 Be6 13. Qc2 Nxc3 14. Bxc3 Bxc3 15.
Qxc3 1/2-1/2

[Event "Frankfurt Ch 2007"]
[Site "Ffm-Kalbach, LAZ"]
[Date "2007.05.07"]
[Round "2.56"]
[White "Adair, Monte"]
[Black "Bauer, Timo"]
[Result "0-1"]
[WhiteElo "1412"]
[BlackElo "1708"]
[PlyCount "86"]
[EventDate "2007.??.??"]

1. e4 c5 2. Nc3 Nc6 3. d3 Nf6 4. Be2 g6 5. Nf3 Bg7 6. O-O O-O 7. Be3 b6 8. a3
Bb7 9. Qc1 Re8 10. h3 d5 11. exd5 Nxd5 12. Bd2 e5 13. Ng5 Nd4 14. Bd1 Nf4 15.
Bxf4 exf4 16. Qxf4 Qe7 17. Nf3 Nf5 18. Rb1 Bh6 19. Qc4 Rad8 20. Be2 Nd4 21.
Nxd4 cxd4 22. Nb5 Qxe2 23. Nxd4 Qe5 24. Nc6 Bxc6 25. Qxc6 Bd2 26. Qf3 b5 27. c3
Qe2 28. Qg3 Rxd3 29. Qh4 Re4 30. Qf6 Qh5 31. Qc6 Re6 32. Qa8+ Kg7 33. Qxa7 Re5
34. Qb8 Qg5 35. Qc7 Rxh3 36. Qd6 Rh5 37. Rbd1 Qh4 38. Qxe5+ Rxe5 39. Rxd2 Rh5
40. f3 Qh2+ 41. Kf2 Rg5 42. Ke1 Rxg2 43. Rff2 Qg1+ 0-1

[Event "Frankfurt Ch 2007"]
[Site "Ffm-Kalbach, LAZ"]
[Date "2007.05.07"]
[Round "2.57"]
[White "Scheerer, Michael"]
[Black "Stein, Wolfgang"]
[Result "0-1"]
[WhiteElo "1398"]
[BlackElo "1954"]
[PlyCount "44"]
[EventDate "2007.??.??"]

1. e4 e5 2. Nf3 f5 3. d3 Nc6 4. Nc3 Bb4 5. Bd2 fxe4 6. dxe4 Nf6 7. Bc4 d6 8. a3
Bxc3 9. Bxc3 Nxe4 10. Qd5 Ng5 11. Nxg5 Qxg5 12. Qf7+ Kd8 13. Bd5 Bd7 14. Bd2
Qe7 15. O-O-O h6 16. Qxe7+ Kxe7 17. Rhf1 Raf8 18. Bc3 Rf6 19. f3 Rhf8 20. b4
Nd8 21. Rf2 g5 22. g4 Bxg4 0-1

[Event "Frankfurt Ch 2007"]
[Site "Ffm-Kalbach, LAZ"]
[Date "2007.05.07"]
[Round "2.58"]
[White "Plattner, Rolf"]
[Black "Plötz, Hans-Jürgen"]
[Result "1/2-1/2"]
[WhiteElo "1916"]
[BlackElo "1358"]
[PlyCount "124"]
[EventDate "2007.??.??"]

1. d4 Nf6 2. Nf3 d6 3. c4 Nbd7 4. Nc3 c6 5. e4 Qa5 6. Bd2 Qb6 7. Qc2 e5 8. d5
Ng4 9. Bg5 h6 10. Bh4 g5 11. h3 Ngf6 12. Bg3 Nh5 13. Bh2 Nf4 14. g3 Ng6 15. Bd3
Nc5 16. Bg1 Ne7 17. O-O-O Nxd3+ 18. Qxd3 Bd7 19. Nd2 c5 20. f3 f5 21. Bf2 O-O-O
22. Kb1 f4 23. g4 a6 24. Ka1 Ng6 25. Rb1 Qc7 26. b4 h5 27. bxc5 dxc5 28. Qc2
hxg4 29. hxg4 Be7 30. Qb2 Rxh1 31. Rxh1 Rh8 32. Rxh8+ Nxh8 33. Qa3 Ng6 34. Qb2
Nh4 35. Qc2 b5 36. Qd1 Qa5 37. Qc2 Qb4 38. Qb3 bxc4 39. Qc2 Kc7 40. d6+ Kxd6
41. Nd5 Qa4 42. Nxc4+ Ke6 43. Qd3 Qc6 44. Nxe7 Kxe7 45. Nxe5 Qd6 46. Qxd6+ Kxd6
47. Nf7+ Kc6 48. Nxg5 Ng6 49. Nh3 Ne5 50. Ng1 c4 51. Bh4 c3 52. Bg5 Nd3 53. Ne2
c2 54. Nd4+ Kb7 55. Nxc2 Ne5 56. Nd4 Nxf3 57. Nxf3 Bxg4 58. Nd4 f3 59. Be3 Kc7
60. Kb2 Kd6 61. Kc3 Ke5 62. Nc6+ Kxe4 1/2-1/2